[Event "IX Floripa Chess Open Fort Atacadista"]
[Site "Florianópolis - Santa Catari"]
[Date "2023.01.26"]
[Round "5.124"]
[White "Furtado, Tiago Cicotti"]
[Black "Trombini, Fabio"]
[Result "0-1"]
[WhiteElo "1580"]
[BlackElo "1861"]
[PlyCount "142"]
[EventDate "2023.01.23"]
[EventRounds "10"]
[EventCountry "BRA"]

1. c4 e5 2. Nc3 Nf6 3. Nf3 Nc6 4. g3 Bb4 5. Qc2 O-O 6. Bg2 a5 7. O-O Re8 8. e4
Bxc3 9. bxc3 d6 10. d3 Rf8 11. Ng5 Ne8 12. f4 f6 13. Nf3 Be6 14. f5 Bf7 15. g4
Ne7 16. Rb1 b6 17. Be3 Qd7 18. Kh1 Nc6 19. g5 Bh5 20. Qf2 Bxf3 21. Bxf3 fxg5
22. Bxg5 Nf6 23. Rg1 Kh8 24. Rg2 Ne7 25. Rbg1 Neg8 26. Bxf6 Nxf6 27. Rxg7 Qxg7
28. Rxg7 Kxg7 29. a4 Kf7 30. Kg1 Rg8+ 31. Kf1 Rg7 32. Qb2 Rag8 33. Qb5 Ke7 34.
Qc6 Kd8 35. d4 Re8 36. c5 bxc5 37. dxc5 Rd7 38. cxd6 cxd6 39. Qb6+ Ke7 40. Qxa5
Rc8 41. Ke2 Rdc7 42. Kd2 Rc5 43. Qb4 Rc4 44. Qb3 Kd7 45. Kd3 d5 46. exd5 e4+
47. Bxe4 Nxe4 48. Qxc4 Rxc4 49. Kxc4 Nd6+ 50. Kc5 Nxf5 51. a5 Ne7 52. a6 Nc8
53. c4 Kc7 54. a7 Nxa7 55. d6+ Kd7 56. Kd5 Nc6 57. c5 Nb4+ 58. Kc4 Na6 59. Kb5
Nb8 60. Kb6 Nc6 61. h3 Nd4 62. Ka5 Kc6 63. Kb4 Ne6 64. Kc4 Nxc5 65. d7 Nxd7 66.
Kd4 Kd6 67. Ke4 Ke6 68. Kf4 Kf6 69. Kg4 Kg6 70. Kg3 Kg5 71. h4+ Kh5 0-1

[Event "IX Floripa Chess Open Fort Atacadista"]
[Site "Florianópolis - Santa Catari"]
[Date "2023.01.26"]
[Round "5.125"]
[White "Carneiro, Claudionor Chaves"]
[Black "Cardozo, Matheus Santos"]
[Result "1/2-1/2"]
[WhiteElo "1577"]
[BlackElo "1856"]
[PlyCount "119"]
[EventDate "2023.01.23"]
[EventRounds "10"]
[EventCountry "BRA"]

1. d4 Nf6 2. Nc3 d5 3. Bg5 e6 4. e4 dxe4 5. Nxe4 Be7 6. Nxf6+ Bxf6 7. Bxf6 Qxf6
8. Nf3 O-O 9. Qd2 c5 10. dxc5 Qxb2 11. Qd4 Qxd4 12. Nxd4 Rd8 13. O-O-O Bd7 14.
Bc4 Nc6 15. Nb3 Ne5 16. Be2 Bc6 17. f3 Bd5 18. Rd4 Nc6 19. Rd2 e5 20. Rhd1 Be6
21. Rd6 a6 22. Bd3 Bxb3 23. Rxd8+ Rxd8 24. cxb3 Kf8 25. Be4 Ke7 26. Rxd8 Nxd8
27. Kd2 Ke6 28. g4 g6 29. g5 Nc6 30. Kc3 f5 31. gxf6 Kxf6 32. h4 h6 33. b4 h5
34. a4 g5 35. hxg5+ Kxg5 36. Bxc6 bxc6 37. b5 axb5 38. axb5 h4 39. bxc6 h3 40.
c7 h2 41. c8=Q h1=Q 42. Qg4+ Kf6 43. Kc4 Qf1+ 44. Kd5 Qd3+ 45. Kc6 Qa6+ 46. Kd7
Qb7+ 47. Kd6 Qb8+ 48. Kc6 Qa8+ 49. Kb6 Qb8+ 50. Ka5 Qc7+ 51. Kb4 Qb7+ 52. Kc3
Qb5 53. Qh4+ Kf5 54. Qh7+ Kf6 55. Qh6+ Kf5 56. Qd6 Qa5+ 57. Kc4 Qa4+ 58. Kd5
Qb3+ 59. Kc6 Qc3 60. Qd5 1/2-1/2

[Event "IX Floripa Chess Open Fort Atacadista"]
[Site "Florianópolis - Santa Catari"]
[Date "2023.01.26"]
[Round "5.126"]
[White "Bashtavenko, Aleksey"]
[Black "Pimenta, Elisandro Da Silva"]
[Result "1/2-1/2"]
[WhiteElo "1569"]
[BlackElo "1855"]
[PlyCount "104"]
[EventDate "2023.01.23"]
[EventRounds "10"]
[EventCountry "BRA"]

1. d4 d5 2. c4 c6 3. Nf3 Nf6 4. e3 e6 5. Bd3 Nbd7 6. O-O Bd6 7. Nbd2 O-O 8. e4
dxe4 9. Nxe4 Nxe4 10. Bxe4 Nf6 11. Bc2 h6 12. b3 Qc7 13. Bb2 Rd8 14. Qd3 b6 15.
Rfe1 Bb7 16. d5 e5 17. Nxe5 cxd5 18. Ng4 Ne4 19. cxd5 f5 20. Rxe4 fxe4 21. Qxe4
Qf7 22. Qh7+ Kf8 23. Qh8+ Ke7 24. Qxg7 Qxg7 25. Bxg7 Kf7 26. Bxh6 Bxd5 27. Be3
Rac8 28. Nh6+ Kf8 29. Bf5 Rc7 30. Ng4 Kf7 31. Bd4 Bc5 32. Bxc5 Rxc5 33. Ne3 Bc6
34. g4 Kf6 35. h4 Rh8 36. h5 Kg5 37. Ng2 Bxg2 38. Kxg2 Rd8 39. Kg3 Rc3+ 40. f3
Re8 41. Rd1 Ree3 42. Rf1 a5 43. Rf2 b5 44. Kg2 a4 45. bxa4 bxa4 46. Be4 a3 47.
Rd2 Re1 48. Bd5 Rcc1 49. Kg3 Rg1+ 50. Rg2 Rxg2+ 51. Kxg2 Rc2+ 52. Kg3 Rc3
1/2-1/2

[Event "IX Floripa Chess Open Fort Atacadista"]
[Site "Florianópolis - Santa Catari"]
[Date "2023.01.26"]
[Round "5.127"]
[White "Felix, Raimundo Nascimento"]
[Black "Gusmao, Pablo Da Silva"]
[Result "1-0"]
[WhiteElo "1848"]
[BlackElo "1563"]
[PlyCount "101"]
[EventDate "2023.01.23"]
[EventRounds "10"]
[EventCountry "BRA"]

1. c4 e6 2. g3 d5 3. Bg2 Nf6 4. Nf3 dxc4 5. Qa4+ Bd7 6. Qxc4 c5 7. Ne5 b5 8.
Qc2 Nd5 9. Nc3 Na6 10. Nxd5 exd5 11. Nxd7 Qxd7 12. a3 Rc8 13. O-O Be7 14. Qd3
Rd8 15. b3 Bf6 16. Ra2 O-O 17. Rc2 Rfe8 18. Qf3 c4 19. bxc4 dxc4 20. Qc6 Nb8
21. Qxd7 Nxd7 22. d3 Rc8 23. Bh3 Rc7 24. e3 Ne5 25. Rd1 Bd8 26. dxc4 Nxc4 27.
Bd7 Rf8 28. Bxb5 Nb6 29. Rxc7 Bxc7 30. Bb2 Rd8 31. Rxd8+ Bxd8 32. e4 Nc8 33.
Be5 f6 34. Bb8 Be7 35. a4 Bc5 36. Kg2 Bd6 37. Bxd6 Nxd6 38. Bc6 Kf8 39. f4 Ke7
40. Kf3 Nc4 41. Bb5 Na3 42. Bd3 Kd6 43. Ke3 Kc5 44. e5 fxe5 45. fxe5 Kd5 46. e6
Kxe6 47. Kd4 Kd6 48. Bxh7 Kc6 49. Bd3 Kb6 50. Kc3 Nb5+ 51. axb5 1-0

[Event "IX Floripa Chess Open Fort Atacadista"]
[Site "Florianópolis - Santa Catari"]
[Date "2023.01.26"]
[Round "5.128"]
[White "Lora, Miguel Said Brasil"]
[Black "Ferreira, Gabriel Duque"]
[Result "1/2-1/2"]
[WhiteElo "1566"]
[BlackElo "1848"]
[PlyCount "31"]
[EventDate "2023.01.23"]
[EventRounds "10"]
[EventCountry "BRA"]

1. e4 c5 2. Nf3 Nc6 3. d4 cxd4 4. Nxd4 g6 5. Nc3 Bg7 6. Be3 Nf6 7. Nxc6 bxc6 8.
Bc4 h5 9. h3 Qa5 10. Qd2 Rb8 11. Rb1 O-O 12. O-O Rd8 13. Rfd1 Ba6 14. Bxa6 Qxa6
15. Qd3 Qxd3 16. Rxd3 1/2-1/2

[Event "IX Floripa Chess Open Fort Atacadista"]
[Site "Florianópolis - Santa Catari"]
[Date "2023.01.26"]
[Round "5.129"]
[White "De Oliveira, Gualter Amelio"]
[Black "Ribeiro, Regina"]
[Result "0-1"]
[WhiteElo "1563"]
[BlackElo "1842"]
[PlyCount "35"]
[EventDate "2023.01.23"]
[EventRounds "10"]
[EventCountry "BRA"]

1. e4 c6 2. d4 d5 3. Nc3 dxe4 4. Nxe4 Nf6 5. Nxf6+ exf6 6. Nf3 Bd6 7. Bd3 O-O
8. O-O Bg4 9. h3 Be6 10. Nh4 g6 11. f4 Bc7 12. Nf3 f5 13. Be3 Re8 14. Qc1 Bc8
15. g3 Bb6 16. c3 Qe7 17. Bd2 c5 18. Re1 0-1

[Event "IX Floripa Chess Open Fort Atacadista"]
[Site "Florianópolis - Santa Catari"]
[Date "2023.01.26"]
[Round "5.130"]
[White "Piassi, Eric Augusto"]
[Black "Ramazzotte, Maicon Zilli"]
[Result "0-1"]
[WhiteElo "1837"]
[BlackElo "1562"]
[PlyCount "176"]
[EventDate "2023.01.23"]
[EventRounds "10"]
[EventCountry "BRA"]

1. d4 Nf6 2. Nf3 e6 3. c4 Bb4+ 4. Bd2 Be7 5. Nc3 d5 6. e3 O-O 7. cxd5 exd5 8.
Qb3 c5 9. dxc5 Bxc5 10. Na4 Be7 11. Bd3 Nc6 12. O-O Rb8 13. Rfe1 b5 14. Nc3 b4
15. Ne2 Na5 16. Qc2 Bb7 17. Ned4 g6 18. Qa4 Qb6 19. a3 Nc6 20. axb4 Nxb4 21.
Bf1 Ra8 22. Rec1 Ne4 23. Be1 a5 24. Qd7 Rfe8 25. Bb5 Nc5 26. Qh3 Bc8 27. Qh6
Bf8 28. Qh4 Re4 29. Qg3 Rg4 30. Qe5 f6 31. Qe8 Re4 32. Qxf8+ Kxf8 33. Bxb4 Kg7
34. Bxc5 Qd8 35. b4 Bb7 36. Bd3 Re8 37. bxa5 Rxa5 38. Rab1 Qa8 39. Bb6 Ra3 40.
Bb5 Rc8 41. Ne6+ Kf7 42. Nc7 Qb8 43. Nd4 Ba8 44. Bd7 Rd8 45. Be6+ Kg7 46. Bc5
Rc3 47. Ndb5 Rc4 48. Rxc4 dxc4 49. Bxc4 Rc8 50. Ne6+ Kh6 51. Bf8+ Rxf8 52. Nxf8
Qxf8 53. Nd4 Be4 54. Rd1 Qc5 55. Bf1 Qh5 56. Be2 Qg5 57. Bf3 f5 58. Bxe4 fxe4
59. Ne2 Qh5 60. Re1 Qa5 61. Kf1 Qe5 62. h3 Kg7 63. Rd1 Qb5 64. Re1 Qd3 65. Ra1
Kh6 66. Ke1 Kg7 67. Rd1 Qb5 68. Ng3 Qb4+ 69. Kf1 h5 70. h4 Kh6 71. Kg1 Qe7 72.
Rd4 Qxh4 73. Rxe4 Qf6 74. Rd4 Qa6 75. Rd1 h4 76. Nf1 Qc6 77. Rd4 Kh5 78. e4 g5
79. Rd5 Qe6 80. f3 Qb6+ 81. Kh2 Qf2 82. Rd1 Qe2 83. Rc1 Qf2 84. Kh3 Kg6 85.
Rc6+ Kf7 86. Rc1 Qg1 87. Rd1 Qh1+ 88. Kg4 Qxg2+ 0-1

[Event "IX Floripa Chess Open Fort Atacadista"]
[Site "Florianópolis - Santa Catari"]
[Date "2023.01.26"]
[Round "5.131"]
[White "Carmo, Jose Arlindo"]
[Black "Resende, Lucas B. Massucato"]
[Result "0-1"]
[WhiteElo "1562"]
[BlackElo "1824"]
[PlyCount "109"]
[EventDate "2023.01.23"]
[EventRounds "10"]
[EventCountry "BRA"]

1. e4 e6 2. d3 d5 3. Nd2 Nf6 4. Ngf3 c5 5. g3 Nc6 6. Bg2 Be7 7. O-O O-O 8. e5
Nd7 9. Re1 b5 10. Nf1 a5 11. Bf4 a4 12. h4 b4 13. Ng5 h6 14. Nh3 Qc7 15. Qh5
Nd4 16. Ne3 a3 17. b3 Ba6 18. Rac1 Qd8 19. Nxd5 exd5 20. Bxd5 Nb6 21. Be4 f5
22. exf6 Rxf6 23. Be5 Nd5 24. Nf4 Nxf4 25. gxf4 Re6 26. Bxd4 Rxe4 27. Rxe4 cxd4
28. Rce1 Ra7 29. Qg6 Bc8 30. f5 Bf8 31. Re8 Qd7 32. R1e7 Qxe7 33. Rxc8 Qf7 34.
Qb6 Rd7 35. Qxb4 Qxf5 36. Qe1 Rf7 37. Re8 Qg4+ 38. Kf1 h5 39. Re4 Qh3+ 40. Ke2
Qf3+ 41. Kf1 Rc7 42. Rxd4 Qh1+ 43. Ke2 Re7+ 44. Re4 Rxe4+ 45. dxe4 Qxe4+ 46.
Kd1 Qxe1+ 47. Kxe1 Kf7 48. c3 Ke6 49. Ke2 Ke5 50. Kf3 g5 51. Kg3 Ke4 52. f3+
Kd3 53. c4 Bd6+ 54. Kf2 Kc3 55. Ke2 0-1

[Event "IX Floripa Chess Open Fort Atacadista"]
[Site "Florianópolis - Santa Catari"]
[Date "2023.01.26"]
[Round "5.132"]
[White "Usui, Gabriella Yumi"]
[Black "Boabaid, Jorge Alberto Duard"]
[Result "0-1"]
[WhiteElo "1550"]
[BlackElo "1822"]
[PlyCount "80"]
[EventDate "2023.01.23"]
[EventRounds "10"]
[EventCountry "BRA"]

1. d4 Nf6 2. Nf3 d5 3. c4 e6 4. g3 c5 5. cxd5 exd5 6. Nc3 Nc6 7. Bg5 Be6 8. Bg2
Be7 9. Rc1 h6 10. Bxf6 Bxf6 11. dxc5 Qa5 12. Nd2 Rd8 13. Nb3 Bxc3+ 14. Rxc3 Qb4
15. O-O O-O 16. Rd3 a5 17. Bxd5 Bxd5 18. Rxd5 a4 19. Nc1 Rxd5 20. Qxd5 Rd8 21.
Qh5 Qxb2 22. Qg4 a3 23. Qc4 Nd4 24. Kg2 Ne6 25. e3 Qd2 26. Qa4 Qd5+ 27. Kg1 Ng5
28. e4 Qxc5 29. Nb3 Qc2 30. Qxa3 Qxe4 31. f3 Nxf3+ 32. Kf2 Nxh2 33. Kg1 Nxf1
34. Kxf1 Rd1+ 35. Kf2 Qe1+ 36. Kf3 Rd3+ 37. Kf4 g5+ 38. Kf5 Rf3+ 39. Kg4 Qxg3+
40. Kh5 Qh4# 0-1

[Event "IX Floripa Chess Open Fort Atacadista"]
[Site "Florianópolis - Santa Catari"]
[Date "2023.01.26"]
[Round "5.133"]
[White "Machado Da Silva, Lucas"]
[Black "Mayeregger Gonzalez, Renata"]
[Result "1-0"]
[WhiteElo "1822"]
[BlackElo "1543"]
[PlyCount "95"]
[EventDate "2023.01.23"]
[EventRounds "10"]
[EventCountry "BRA"]

1. e4 d5 2. exd5 Qxd5 3. Nc3 Qa5 4. Nf3 Nf6 5. Bc4 Bg4 6. h3 Bxf3 7. Qxf3 c6 8.
Ne4 Nbd7 9. Nxf6+ Nxf6 10. Qb3 O-O-O 11. Bxf7 g6 12. O-O Qc7 13. d3 Nd5 14.
Be6+ Kb8 15. c4 Nf4 16. Bg4 Nxd3 17. Qc3 e5 18. Bg5 Rd4 19. Rad1 Bb4 20. Qb3
Qd6 21. Be3 Rxg4 22. Rxd3 Rd4 23. Bxd4 exd4 24. a3 Ba5 25. Qa4 Bc7 26. g3 h5
27. c5 Qxc5 28. Qxd4 Qxd4 29. Rxd4 Be5 30. Rd2 g5 31. Re1 Bc7 32. Rd7 b5 33.
Ree7 Bb6 34. Kg2 Rd8 35. Rxd8+ Bxd8 36. Rf7 h4 37. gxh4 gxh4 38. f4 c5 39. Kf3
a5 40. Ke4 a4 41. Kd5 c4 42. Kc5 b4 43. Kxb4 Bc7 44. Kxc4 Kb7 45. Kb5 Kb8 46.
Kxa4 Kc8 47. Rxc7+ Kxc7 48. b4 1-0

[Event "IX Floripa Chess Open Fort Atacadista"]
[Site "Florianópolis - Santa Catari"]
[Date "2023.01.26"]
[Round "5.134"]
[White "Paula Pinto, Mateus Arsenio"]
[Black "Dos Santos, Dwlyan Silva"]
[Result "1-0"]
[WhiteElo "1538"]
[BlackElo "1810"]
[PlyCount "37"]
[EventDate "2023.01.23"]
[EventRounds "10"]
[EventCountry "BRA"]

1. d4 d5 2. c4 e6 3. Nf3 Nf6 4. g3 Be7 5. Bg2 O-O 6. O-O c6 7. Qc2 b6 8. Nbd2
Bb7 9. e4 dxe4 10. Nxe4 c5 11. Nfg5 Nxe4 12. Bxe4 Bxg5 13. Bxb7 Nd7 14. Bxg5
Qxg5 15. Bxa8 Rxa8 16. Rad1 cxd4 17. Qe4 Re8 18. Qxd4 Ne5 19. f4 1-0

[Event "IX Floripa Chess Open Fort Atacadista"]
[Site "Florianópolis - Santa Catari"]
[Date "2023.01.26"]
[Round "5.135"]
[White "Monici, Arthur Brecht De Fr"]
[Black "Machado, Leonardo Ribeiro"]
[Result "0-1"]
[WhiteElo "1511"]
[BlackElo "1807"]
[PlyCount "64"]
[EventDate "2023.01.23"]
[EventRounds "10"]
[EventCountry "BRA"]

1. e4 d6 2. d4 Nf6 3. Nc3 Nbd7 4. Be3 e5 5. Nf3 Be7 6. Bc4 O-O 7. h3 c6 8. Qd2
b5 9. Bb3 a6 10. Ne2 c5 11. c3 Bb7 12. d5 Bxd5 13. exd5 e4 14. Bc2 exf3 15.
gxf3 Ne5 16. O-O-O Nxf3 17. Qd3 Ne5 18. Qf5 g6 19. Rhg1 Kh8 20. Qf4 Nc4 21. Ng3
Nxe3 22. fxe3 a5 23. Qh6 Ng8 24. Qf4 Bg5 25. Qf3 f5 26. Ne2 Qe7 27. Nf4 Bxf4
28. exf4 Rae8 29. Kd2 Nf6 30. Rge1 Qf7 31. Re2 Qxd5+ 32. Qxd5 Nxd5 0-1

[Event "IX Floripa Chess Open Fort Atacadista"]
[Site "Florianópolis - Santa Catari"]
[Date "2023.01.26"]
[Round "5.136"]
[White "Tamayo, Jose Luis"]
[Black "Monauer, Caique"]
[Result "0-1"]
[WhiteElo "1805"]
[BlackElo "1533"]
[PlyCount "64"]
[EventDate "2023.01.23"]
[EventRounds "10"]
[EventCountry "BRA"]

1. e4 e5 2. Nf3 Nc6 3. Bb5 a6 4. Ba4 d6 5. d4 b5 6. Bb3 Nxd4 7. Nxd4 exd4 8.
Qxd4 c5 9. Qd5 Be6 10. Qc6+ Bd7 11. Qd5 c4 12. Bxc4 bxc4 13. Qxc4 Nf6 14. Nc3
Be7 15. Bf4 O-O 16. O-O Qa5 17. Rfd1 Rac8 18. Qd4 Be6 19. h3 Rc4 20. Qa7 Rc7
21. Qe3 Rd7 22. g4 Rb8 23. e5 dxe5 24. Qxe5 Rbd8 25. Rxd7 Rxd7 26. a3 Nd5 27.
Nxd5 Qxd5 28. Bg3 Bc5 29. Qe2 h5 30. Re1 hxg4 31. hxg4 Qg5 32. b4 Ba7 0-1

[Event "IX Floripa Chess Open Fort Atacadista"]
[Site "Florianópolis - Santa Catari"]
[Date "2023.01.26"]
[Round "5.137"]
[White "Lazzarotti, Calebe Kadlubiski"]
[Black "Paniago, Lucio Erloiny Silva"]
[Result "1-0"]
[WhiteElo "1801"]
[BlackElo "1529"]
[PlyCount "35"]
[EventDate "2023.01.23"]
[EventRounds "10"]
[EventCountry "BRA"]

1. e4 c5 2. Nf3 d6 3. Bb5+ Bd7 4. Bxd7+ Qxd7 5. O-O Nc6 6. c3 d5 7. d3 e5 8.
Qe2 dxe4 9. Qxe4 f6 10. d4 cxd4 11. cxd4 Bd6 12. dxe5 Nxe5 13. Nxe5 Bxe5 14.
Bf4 Qd4 15. Qxb7 Rb8 16. Bxe5 Qxe5 17. Qxg7 Qe6 18. Nc3 1-0

[Event "IX Floripa Chess Open Fort Atacadista"]
[Site "Florianópolis - Santa Catari"]
[Date "2023.01.26"]
[Round "5.138"]
[White "Da Silva, Kauan Salvagni Tele"]
[Black "Eger, Laura Luisa"]
[Result "0-1"]
[WhiteElo "1498"]
[BlackElo "1800"]
[PlyCount "74"]
[EventDate "2023.01.23"]
[EventRounds "10"]
[EventCountry "BRA"]

1. e4 e5 2. Nf3 Nc6 3. Bc4 Bc5 4. c3 Nf6 5. d3 d6 6. O-O a6 7. b4 Ba7 8. a4 O-O
9. Bb3 h6 10. b5 axb5 11. Be3 Bxe3 12. fxe3 bxa4 13. Rxa4 Bd7 14. Rxa8 Qxa8 15.
Nbd2 Qa5 16. Qc2 Ra8 17. h3 Qa7 18. d4 b5 19. Qd3 exd4 20. exd4 Ne7 21. e5 Nfd5
22. Ne4 Qa3 23. Bc2 Ng6 24. Kh2 b4 25. Rb1 Be6 26. cxb4 Qxd3 27. Bxd3 Ngf4 28.
Bc4 Bf5 29. Nfd2 Ne3 30. Bf1 d5 31. Re1 Nc2 32. Ng3 Nxe1 33. Nxf5 Ra2 34. Nb3
Nfxg2 35. Bxg2 Rxg2+ 36. Kh1 Rb2 37. Nc5 Nf3 0-1

[Event "IX Floripa Chess Open Fort Atacadista"]
[Site "Florianópolis - Santa Catari"]
[Date "2023.01.26"]
[Round "5.139"]
[White "Ramazzotte, Adriano"]
[Black "Lunelli, Neuri Antonio"]
[Result "1-0"]
[WhiteElo "1490"]
[BlackElo "1799"]
[PlyCount "41"]
[EventDate "2023.01.23"]
[EventRounds "10"]
[EventCountry "BRA"]

1. d4 Nf6 2. c4 d6 3. Nc3 e5 4. dxe5 dxe5 5. Qxd8+ Kxd8 6. a3 c6 7. Bg5 Be6 8.
e3 Nbd7 9. Rd1 Kc7 10. Nf3 Be7 11. Be2 Rhe8 12. O-O h6 13. Bh4 Bf5 14. Bg3 Bc5
15. b4 Bf8 16. Rd2 Ng8 17. Rfd1 f6 18. Nd4 Bg6 19. Ne6+ Kb6 20. Na4+ Ka6 21.
Nc7# 1-0

[Event "IX Floripa Chess Open Fort Atacadista"]
[Site "Florianópolis - Santa Catari"]
[Date "2023.01.26"]
[Round "5.140"]
[White "Cunha, Paola De Oliveira"]
[Black "Garcia, Erich Douglas Ribei"]
[Result "0-1"]
[WhiteElo "1838"]
[BlackElo "1427"]
[PlyCount "83"]
[EventDate "2023.01.23"]
[EventRounds "10"]
[EventCountry "BRA"]

1. d4 d5 2. Bf4 c5 3. c3 Nc6 4. Nf3 Nf6 5. e3 a6 6. Be2 Bf5 7. Nbd2 h5 8. O-O
e6 9. h3 Bd6 10. Bxd6 Qxd6 11. Nb3 c4 12. Nbd2 O-O 13. b3 b5 14. Re1 Rfc8 15.
Qc1 cxb3 16. Qb2 bxa2 17. Rxa2 Nd7 18. Rea1 Ne7 19. Bxb5 Rcb8 20. Qa3 Qxa3 21.
Rxa3 Rxb5 22. Rxa6 Rxa6 23. Rxa6 Nf6 24. g4 Bd3 25. Ra7 Ng6 26. Ne5 Nxe5 27.
dxe5 Ne4 28. Nxe4 Bxe4 29. gxh5 Bf3 30. Ra8+ Kh7 31. Ra1 Bxh5 32. Kg2 Be2 33.
Ra2 Bc4 34. Ra1 Rb2 35. Ra4 Rb3 36. e4 Rxc3 37. exd5 Bxd5+ 38. Kh2 Rc4 39. Rxc4
Bxc4 40. f4 Kg6 41. Kg3 Kf5 42. Kf3 0-1

[Event "IX Floripa Chess Open Fort Atacadista"]
[Site "Florianópolis - Santa Catari"]
[Date "2023.01.26"]
[Round "5.141"]
[White "Pinto, Vanderlei"]
[Black "Biazon, Heloise De Oliveira"]
[Result "1-0"]
[WhiteElo "1346"]
[BlackElo "1773"]
[PlyCount "53"]
[EventDate "2023.01.23"]
[EventRounds "10"]
[EventCountry "BRA"]

1. Nf3 e6 2. c4 d5 3. e3 c5 4. b3 Qb6 5. Bb2 Be7 6. Bxg7 Bf6 7. Bxh8 Bxh8 8.
Nc3 d4 9. exd4 cxd4 10. Nb5 d3 11. Bxd3 Bxa1 12. Qxa1 a6 13. Na3 Qd6 14. Qh8
Kd7 15. Nc2 Qxd3 16. Ne5+ Kc7 17. Nxd3 Ne7 18. Qe5+ Kd8 19. Qf6 Nbc6 20. Ne5
Nxe5 21. Qxe5 Ng6 22. Qf6+ Ke8 23. O-O Bd7 24. f4 b5 25. f5 exf5 26. Nd4 Ne7
27. Qh8+ 1-0

[Event "IX Floripa Chess Open Fort Atacadista"]
[Site "Florianópolis - Santa Catari"]
[Date "2023.01.26"]
[Round "5.142"]
[White "Umetsubo, Cesar Hidemitsu"]
[Black "Hataby, Raed"]
[Result "1-0"]
[WhiteElo "2365"]
[BlackElo "1979"]
[PlyCount "53"]
[EventDate "2023.01.23"]
[EventRounds "10"]
[EventCountry "BRA"]

1. d4 g6 2. Nf3 Bg7 3. e4 d6 4. Be2 Nf6 5. Nc3 Nc6 6. O-O O-O 7. Bf4 Nxd4 8.
Qxd4 e5 9. Bxe5 dxe5 10. Qxe5 Re8 11. Rad1 Qxd1 12. Qxe8+ Nxe8 13. Rxd1 Bxc3
14. bxc3 Be6 15. e5 h6 16. a3 Kf8 17. Nd4 Bd7 18. f4 Ke7 19. Bf3 Rb8 20. Kf2 c5
21. Ne2 Ba4 22. Rd2 b5 23. Bc6 Rd8 24. Ke3 Nc7 25. c4 Ne6 26. Bxb5 Bxb5 27.
Rxd8 1-0

[Event "IX Floripa Chess Open Fort Atacadista"]
[Site "Florianópolis - Santa Catari"]
[Date "2023.01.26"]
[Round "5.143"]
[White "Cezar, Ricardo De Almeida"]
[Black "Cardoso, Maria Paula Da Silv"]
[Result "0-1"]
[WhiteElo "1795"]
[BlackElo "1511"]
[PlyCount "96"]
[EventDate "2023.01.23"]
[EventRounds "10"]
[EventCountry "BRA"]

1. d4 d5 2. c4 e6 3. Nc3 Nf6 4. cxd5 exd5 5. Bg5 Nbd7 6. e3 c6 7. Bd3 Be7 8.
Qc2 O-O 9. Nf3 Re8 10. h3 Ne4 11. Bxe4 dxe4 12. Nxe4 Qa5+ 13. Qd2 Bb4 14. Nc3
Nb6 15. a3 Nc4 16. Qc1 Bf8 17. O-O Bf5 18. b4 Qa6 19. Bf4 Rad8 20. Nd2 b6 21.
Re1 Nxd2 22. Qxd2 Qc8 23. e4 Be6 24. Rad1 h6 25. Qd3 g6 26. Be5 f5 27. Qg3 Kh7
28. h4 Be7 29. d5 cxd5 30. exd5 Bf7 31. d6 Bf8 32. Nb5 Qc6 33. a4 a6 34. Rc1
Qd7 35. Nc7 Rxe5 36. Qxe5 Bxd6 37. Qf6 Bxc7 38. g3 Re8 39. h5 Bd8 40. hxg6+
Bxg6 41. Qc3 Bg5 42. Rxe8 Bxe8 43. Ra1 Kg6 44. Ra2 Bf7 45. Rc2 Qd1+ 46. Kh2 Bd5
47. f3 Bxf3 48. g4 Bf4+ 0-1

[Event "IX Floripa Chess Open Fort Atacadista"]
[Site "Florianópolis - Santa Catari"]
[Date "2023.01.26"]
[Round "5.144"]
[White "Matsunaga, Lange Cristina"]
[Black "Teixeira, Jonas Carvalho"]
[Result "0-1"]
[WhiteElo "1479"]
[BlackElo "1791"]
[PlyCount "104"]
[EventDate "2023.01.23"]
[EventRounds "10"]
[EventCountry "BRA"]

1. e4 c5 2. Nf3 d6 3. d4 cxd4 4. Nxd4 Nf6 5. Nc3 g6 6. h3 Bg7 7. Be3 O-O 8. Qd2
Nc6 9. Nf3 b6 10. Bh6 Bb7 11. Bxg7 Kxg7 12. Bd3 Nd7 13. O-O Rc8 14. Rad1 Qc7
15. Nh4 Nce5 16. f4 Nc4 17. Bxc4 Qxc4 18. f5 Nf6 19. fxg6 hxg6 20. Nf5+ gxf5
21. Qg5+ Kh7 22. Rxf5 Rg8 23. Qh4+ Kg7 24. Rdf1 Qd4+ 25. Kh1 Kf8 26. R1f2 Rxc3
27. bxc3 Qxe4 28. Qh6+ Ke8 29. R5f4 Qe1+ 30. Kh2 Qxc3 31. Qh4 Qe5 32. g3 Bd5
33. Rf5 Qe4 34. Qxe4 Bxe4 35. Rxf6 exf6 36. Re2 f5 37. g4 Kd7 38. gxf5 Bxf5 39.
c3 Be6 40. a3 Rg5 41. h4 Rg4 42. Rxe6 fxe6 43. Kh3 Rg8 44. h5 Ke7 45. Kh4 Kf6
46. a4 e5 47. c4 e4 48. h6 e3 49. h7 Rh8 50. Kg3 Rxh7 51. Kf3 Re7 52. Ke2 Re5
0-1

[Event "IX Floripa Chess Open Fort Atacadista"]
[Site "Florianópolis - Santa Catari"]
[Date "2023.01.26"]
[Round "5.145"]
[White "Vinales Gonzalez, Enzo Mathias"]
[Black "Sergio Filho, Claudio Santos"]
[Result "1-0"]
[WhiteElo "1473"]
[BlackElo "1786"]
[PlyCount "93"]
[EventDate "2023.01.23"]
[EventRounds "10"]
[EventCountry "BRA"]

1. e4 c5 2. Nf3 Nc6 3. d4 cxd4 4. Nxd4 g6 5. Nc3 Bg7 6. Be3 Nf6 7. Bc4 O-O 8.
f3 Qb6 9. a3 Ng4 10. fxg4 Bxd4 11. Nd5 Qc5 12. Bxd4 Nxd4 13. c3 Nc6 14. Ba2 e6
15. b4 Qb5 16. a4 Qa6 17. b5 Qa5 18. Nf6+ Kg7 19. O-O Ne5 20. Qd2 Qb6+ 21. Kh1
Rd8 22. Qg5 d6 23. Qh4 Rh8 24. Rad1 Qd8 25. Qg5 h6 26. Nh5+ Kh7 27. Nf6+ Kg7
28. Qd2 b6 29. Qxd6 Qxd6 30. Rxd6 Bb7 31. Bxe6 fxe6 32. Rxe6 Nf7 33. Re7 Bc8
34. Ne8+ Rxe8 35. Rxe8 Nd6 36. Rd8 Nf7 37. Re8 Nd6 38. Re7+ Kg8 39. Rf6 Nc4 40.
Rc6 Bxg4 41. Rxg6+ Kf8 42. Rh7 Ne5 43. Rxg4 Nxg4 44. Rh8+ Ke7 45. Rxa8 Nf2+ 46.
Kg1 Nxe4 47. Rxa7+ 1-0

[Event "IX Floripa Chess Open Fort Atacadista"]
[Site "Florianópolis - Santa Catari"]
[Date "2023.01.26"]
[Round "5.146"]
[White "Calcada, Henrique Galvan"]
[Black "Bezerra, Wiltemberg Barros"]
[Result "0-1"]
[WhiteElo "1469"]
[BlackElo "1786"]
[PlyCount "112"]
[EventDate "2023.01.23"]
[EventRounds "10"]
[EventCountry "BRA"]

1. Nf3 g6 2. c4 Bg7 3. d4 d6 4. Bf4 Nf6 5. e3 O-O 6. Nc3 Nbd7 7. Be2 Re8 8. h3
h6 9. O-O Nh7 10. Qc2 e5 11. Bh2 c6 12. Rad1 Qe7 13. d5 c5 14. e4 Ndf8 15. Nd2
f5 16. Bd3 f4 17. Kh1 g5 18. Be2 Nf6 19. Rg1 Ng6 20. Rdf1 h5 21. g4 hxg4 22.
hxg4 Kf7 23. f3 Rh8 24. Rf2 Nh4 25. Rgg2 Nxg2 26. Rxg2 Bd7 27. Kg1 Rh4 28. Kf2
Rah8 29. Nf1 Bf8 30. Ke1 Qd8 31. Kd2 Qc8 32. Qd1 Be7 33. Kc2 a6 34. a4 Bd8 35.
b3 Ba5 36. Bg1 Qc7 37. Qa1 Rb8 38. Bf2 Rh1 39. Rh2 Rxh2 40. Nxh2 b5 41. axb5
axb5 42. Qa2 Ra8 43. Qb2 Bxc3 44. Kxc3 b4+ 45. Kd3 Ra3 46. Nf1 Qa5 47. Nd2 Bc8
48. Bd1 Nd7 49. Bc2 Nb6 50. Ke2 Qa8 51. Bd1 Kf6 52. Qc1 Ba6 53. Bc2 Qa7 54. Qf1
Rxb3 55. Nxb3 Bxc4+ 56. Bd3 Bxb3 0-1